| 000 | 00849cab a2200349 4500 | ||
|---|---|---|---|
| 001 | ABS59019 | ||
| 008 | 090401t1998 xxu||||| |||| 00| 0 eng d | ||
| 035 | _a(Sirsi) u87785 | ||
| 041 | _aeng | ||
| 245 | _aRegional survey: East Midlands | ||
| 260 | _c1998 | ||
| 350 | _a0 | ||
| 490 |
_aProperty Week _v63(14) 24 July 1998, 36-50(7) |
||
| 650 | _aCOALFIELD AREAS | ||
| 650 | _aDEMAND | ||
| 650 | _aDERBY | ||
| 650 | _aEAST MIDLANDS | ||
| 650 | _aECONOMY | ||
| 650 | _aINVESTMENT | ||
| 650 | _aLEICESTER | ||
| 650 | _aNORTHAMPTON | ||
| 650 | _aNOTTINGHAM | ||
| 650 | _aOFFICE SECTOR | ||
| 650 | _aOUT-OF-TOWN | ||
| 650 | _aPLANNING POLICY | ||
| 650 | _aRENTAL LEVELS | ||
| 650 | _aRETAIL | ||
| 650 | _aSUPPLY | ||
| 690 | _aPROPERTY-COMMERCIAL PROPERTY-COMMERCIAL PROPERTY MARKET | ||
| 942 | _n0 | ||
| 948 | _c31/07/1998 | ||
| 999 |
_c55392 _d55392 |
||